[Event "George Marx Memorial 2nd"]
[Site "Paks"]
[Date "2004.06.05"]
[Round "1"]
[White "Nevednichy, Vladislav"]
[Black "Beliavsky, Alexander G"]
[Result "1-0"]
[WhiteElo "2544"]
[BlackElo "2667"]
[Annotator "Lukacs,P"]
[PlyCount "135"]
[EventDate "2004.05.05"]
[EventType "tourn"]
[EventRounds "10"]
[EventCountry "HUN"]
[EventCategory "14"]
[SourceTitle "CBM 102"]
[Source "ChessBase"]
[SourceDate "2004.09.23"]
[SourceVersion "1"]
[SourceVersionDate "2004.09.23"]
[SourceQuality "1"]

1. e4 e5 2. Nf3 Nc6 3. Bc4 Nf6 4. d3 Be7 5. O-O O-O 6. Re1 d6 7. a4 a5 (7...
Kh8 {/\ Ng8, f5 but when the N leaves the [+] Black can be hit by d4.} 8. a5 {
White gains space on the << depriving Black from the typical "Spanish"
counterplay Na5 and c5.} (8. c3 Bg4 (8... Ng8) 9. h3 Bh5 10. Nbd2 {-
Erenburg-Ganguly, Wch U20 2002 CBM 91ext}) 8... a6 9. Nc3 $5 (9. c3 Ng8 {/\ f5}
10. d4 (10. Qb3 f5 11. exf5 Rxf5 12. Nbd2 Nf6 13. Be6 Bxe6 14. Qxe6 Qd7 15.
Qxd7 Nxd7 {in the _|_ the a5 P can already be vulnerable.} 16. d4 exd4 17. Nxd4
Re5 $11 {Tkachiev-Fressinet, Cap d'Agde KO rapid 2002}) 10... Bg4 (10... exd4 {
- Hossain-Ehlvest, Dhaka 1999 CBM 70}) 11. d5 (11. Be3 f5 12. exf5 exd4 13.
cxd4 d5 14. Be2 Bxf5 15. Nc3 Nb4 16. Rc1 c6 17. Qa4 Nd3 18. Bxd3 Bxd3 19. Bd2
Bd6 $11 {Degraeve-Ch Bauer, Antwerp 1998}) (11. dxe5 Nxe5 12. Be2 Bxf3 13. Bxf3
Bg5 $11 {Vratonjic-Nestorovic, Nis 1994}) 11... Nb8 12. Nbd2 Bg5 {Black has to
activate his passive B as in the Old Indian.} 13. h3 (13. Qb3 Bxf3 14. Nxf3
Bxc1 15. Raxc1 Nd7 16. Qxb7 Rb8 17. Qc6 Rxb2 18. Qa4 Ngf6 19. Qa3 Qb8 20. h3
Re8 $11 {Macieja-Johannessen, Bermuda-A 2002}) 13... Bxf3 14. Nxf3 Bxc1 15.
Rxc1 {The exchange of the dark-squared B helps for Black.} Nd7 16. b4 Ne7 $13 {
Sermek-Mitkov, Pula zt 2000}) 9... Ng8 {/\ f5, which is the main idea of this
variation.} (9... Be6 10. Nd5) (9... Bg4 10. h3) 10. Nd5 f5 11. c3 {White has
to advance in the [+].} Bf6 (11... fxe4 12. dxe4 Bg4 13. Be2 Nf6 {was also
interesting.}) 12. b4 (12. exf5 Bxf5 $13) 12... f4 {Now Black has good
attacking chances on the >>, if White will not react immediately.} 13. d4 g5 $5
(13... Bg4 {attacking >< d4 comes into consideration.} 14. Bb2 Bxf3 15. Qxf3
exd4 16. cxd4 Nxd4 (16... Bxd4 17. Bxd4 Nxd4 18. Qc3 Nc6 19. Bxa6 Rxa6 20. b5
Rxa5 21. Rxa5 Nxa5 22. Qxa5 c6 23. Qxd8 Rxd8 24. Nxf4 Nf6 $11) 17. Bxd4 Bxd4
18. Rac1 c6 19. Nc3 Qh4 $13) 14. dxe5 (14. Nxf6 Qxf6 15. dxe5 Nxe5 {- 14.dxe5})
14... Nxe5 15. Nxf6 Qxf6 16. Nxe5 dxe5 {White has the ^^, but the position is
fairly closed, and he has to defend against an -> on the >>.} 17. Bb2 Ne7 18.
Qh5 Bd7 19. Rad1 Rad8 20. Bb3 Qg6 21. Qxg6 Nxg6 $11 {Even the _|_ is playable
for Black, Bauer-Hauchard, France 2003 CBM 95}) (7... Nd4 8. Nxd4 exd4 9. Nd2
$1 {- Macieja-Ivanchuk, FIDE World Cup-A 2002 CBM 92}) (7... Bg4 {-
Fedorov-Potapov, RUS-chT 9th Ekaterinburg 2002 CBM 90}) (7... Be6 {-
Mainka-Nenashev, Recklinhausser Schachtage 1998 CBM 67}) (7... h6 {- Kobalija-
Karjakin, FIDE-Wch k.o. 2004}) 8. c3 Nd7 {/\ Bf6, g6, Bg7 but this is a
time-consuming operation.} (8... Bg4 9. Nbd2 (9. h3 Be6 $142 (9... Bh5 $6 {
The B is clearly out of play here.} 10. Nbd2 Re8 11. Nf1 Bf8 12. Ng3 Bg6 13.
Qb3 Qc8 14. Nh4 Nd8 15. Bg5 $16 {Shaked-Rohwer, USA 1992})) 9... Nd7 10. h3 Be6
11. Qe2 Bf6 12. Nh2 Bxc4 13. Nxc4 {The exchange of the light-squared B favours
White.} Nc5 14. Be3 Ne6 15. Rad1 g6 16. Qc2 Bg7 17. Qb3 Qd7 18. Nf3 $14 {
Speelman-Wells, Eastbourne 1990}) (8... Be6 9. Nbd2 Re8 10. Bxe6 {The R has
left the f <->, so it is logical to take on e6.} fxe6 11. Qb3 Qd7 12. d4 exd4
$1 13. Nxd4 (13. cxd4 d5 {This is the typical counterblow in the [+].} 14. e5
Nh5 15. Qd1 (15. Qb5 Ra6 $5) 15... Rf8 16. g3 Qe8 $132) 13... Bf8 14. N2f3 $14
(14. Nf1 {is again met by the freeing move} d5 $1 15. e5 Ne4 16. Nxc6 bxc6 17.
f3 Nc5 18. Qc2 Rab8 19. Be3 Nb3 20. Rad1 c5 $132 {Tischbierek-Erneste, Berlin
1992})) 9. Be3 (9. Nbd2 {immediately looks also logical.} Bf6 10. Nf1 Ne7 (
10... Re8 11. Ne3 Nb6 12. Bb3 Ne7 13. d4 {Black has wasted some time with his
sophysticated manoeuvres, now White takes control in the [+].} Ng6 14. Nc4 Nxc4
15. Bxc4 Be6 16. Bxe6 Rxe6 17. d5 Re8 18. Qb3 Qc8 19. h3 $14 {Milliet-Anic,
FRA-chT France 2003}) 11. Ng3 Nb6 12. Bb3 h6 {(Anka-Anic, Bischwiller 1999)}
13. Be3 $14) 9... Bf6 (9... Kh8 $5 10. Nbd2 (10. d4 Nb6 11. Bb5 exd4 12. cxd4
f5 {This is Black's main counterstrike here.} 13. e5 f4 14. Bd2 Bg4 15. Bc3
dxe5 16. Bxc6 bxc6 17. dxe5 Nd5 $13 {Benderac-Tisdall, Rethymnon 2003}) 10...
f5 11. exf5 Rxf5 12. Ne4 $14) 10. Nbd2 g6 (10... Ne7 11. Bb3 Nc5 12. Bc2 Ne6
13. d4 Ng6 {Black is very busy regrouping his knights.} 14. h3 (14. g3 Re8)
14... Nef4 15. Kh2 Qd7 16. Ng1 Ne6 17. d5 (17. Ndf3 exd4 $1 18. cxd4 d5 19. e5
Be7 20. Bf5 Bb4 21. Bd2 Qe7 22. Ne2 Bxd2 23. Qxd2 Ra6 24. Rac1 c6 25. b3 Rb6
26. Bc2 Rb4 27. Rcd1 f5 $13 {Fedorov,A-Romanishin,O/Istanbul 2003/CBM 96})
17... Nef4 18. Nc4 Bg5 19. b4 axb4 20. cxb4 $14 {and White has the |^ on the
<<, while the >> looks defensible.}) 11. h3 Bg7 12. d4 $14 {Now White gets the
advantage in the [+].} exd4 13. cxd4 Nb4 {/\ d5} 14. Bg5 Qe8 15. Nf1 (15. Rc1
h6 16. Bf4 $14 {and Black has still problems with his development.}) 15... Nb6
16. Bb3 Be6 17. d5 Bd7 18. e5 $2 {This looks strong, but Black's positional Q
sacrifice changes the course of the game..} ({The quiet} 18. Re2 $14 {was
wiser.}) 18... dxe5 19. Nxe5 Bxe5 20. f4 {[#]} Bxb2 $1 {Black gets a R a B and
a P and good piece play for the Q.} 21. Rxe8 Rfxe8 22. Rb1 Bg7 23. Rc1 Rac8 $15
24. Bh4 Bf5 (24... c6 $5 {opening up the position looks also tempting.} 25. d6
(25. dxc6 Rxc6 $15) 25... N6d5 $15) 25. Ng3 Bd3 26. Kh2 Re3 $2 {This overlooks
White's following plan.} (26... c5 $1 27. d6 $5 (27. dxc6 Rxc6 $13) 27... c4
28. Bxc4 Bxc4 29. d7 Nxd7 30. Qxd7 Rf8 31. Rd1 Bb3 $13) 27. d6 $1 cxd6 (27...
c5 $2 28. Qg4 $1 Rf8 29. Rxc5 $16) 28. Rxc8+ Nxc8 29. Qc1 Re8 30. Qc7 $1 {
This penetration is very unpleasant.} d5 31. Qxa5 (31. Qxb7 {was the other
serious alternative.} Nd6 (31... Bc4 32. Bxc4 dxc4 33. Qd7 Rf8 34. Bd8 $18) 32.
Qd7 Bf8 33. Bd8 $16) 31... Bf8 32. Qc7 Nd6 (32... b5 33. a5 Bc4 34. Bxc4 bxc4
35. a6 $1 $16) 33. Bf6 Bc4 (33... b5 $5 34. Ba1 $1 Bc4 35. Bxc4 bxc4 36. Qb6
Nc2 37. Be5 $16) 34. Bd1 $6 {This is passive.} (34. Bxc4 $142 {was the
straightforward method.} Rc8 (34... dxc4 35. Be5 $16) (34... Nxc4 35. Qxb7 $16)
35. Qd7 dxc4 36. Be5 Rc6 37. Ne2 $16) 34... Nc6 (34... Nd3 $5) 35. Qb6 Ba6 {
Now again Black has everything in order.} 36. Bb3 Nc4 37. Bxc4 dxc4 38. Ba1 Bg7
(38... Bb4 $1 $15 {/\ c3 looked better.}) 39. Bxg7 Kxg7 40. Qb2+ Kg8 $6 (40...
f6 41. Ne2 $11) 41. h4 $1 {/\ h5-h6} Re3 $2 {This is the second time when Re3
comes as a mistake!} (41... h5 $1 42. f5 Ne5 $11) 42. Qb6 (42. h5 $142 {
Black's K is not well-defended, his light pieces are on the other flank.} c3
43. Qc1 Rd3 44. Ne4 $16) 42... Re6 43. h5 $16 Kg7 (43... h6 44. Qb2 Kh7 45. Qd2
$16) 44. Qb2+ f6 45. Qd2 $1 Ne7 $2 (45... Re7 $16) 46. Qd7 Kf7 47. f5 $1 $18 {
Now White creates a dangerous o^ on the >>.} Re5 48. fxg6+ hxg6 49. h6 c3 50.
Qc7 b5 51. axb5 Bxb5 52. Qxc3 Kg8 53. Qf3 Nd5 54. Qb3 Kh7 55. Qxb5 Kxh6 56. Qd7
Ne7 57. Qb7 Nd5 (57... Nf5 58. Ne4 Re6 59. Qa8 $18) 58. Qb2 Ne3 59. Qd4 f5 60.
Kg1 Ng4 61. Qd2+ Kg7 62. Ne2 Re4 63. Nf4 Kf6 64. Qd8+ Kf7 65. g3 Nf6 66. Qc7+
Re7 67. Qc4+ Ke8 68. Nxg6 1-0

[Event "Linares Anibal op 07th"]
[Site "Linares"]
[Date "2000.01.15"]
[Round "9"]
[White "Sorokin, Maxim"]
[Black "Kobese, Watu"]
[Result "1-0"]
[WhiteElo "2574"]
[BlackElo "2389"]
[Annotator "Lukacs,P"]
[PlyCount "85"]
[EventDate "2000.01.07"]
[EventType "swiss"]
[EventRounds "10"]
[EventCountry "ESP"]
[SourceTitle "CBM 075"]
[Source "ChessBase"]
[SourceDate "2000.04.05"]
[SourceVersion "1"]
[SourceVersionDate "2000.04.05"]
[SourceQuality "1"]

1. e4 e5 2. Nf3 Nc6 3. Bc4 Nf6 4. d3 h6 (4... Bc5 {and}) (4... Be7 {are better.
}) 5. O-O g6 (5... d6 $1 {/\ g6}) 6. d4 {White has to grab the |^ in the [+],
otherwise Black's fianchetto plan is hard to tackle.} Qe7 $6 (6... exd4 {
looks better, although still gives up the [+] and the opening of the position
helps for the better developed pieces.} 7. Nxd4 (7. Re1 Bg7 8. e5 Nh7 (8... Ng8
9. Bf4 $1 $36 (9. Nbd2 {looks a bit slow.} Nge7 10. Ne4 Nxe5 11. Nxe5 Bxe5 12.
Qf3 f5 13. Ng5 d5 14. Bxd5 Qxd5 15. Qxd5 Nxd5 16. Rxe5+ Ne7 17. Nf3 Kf7 18.
Nxd4 Rd8 19. Nf3 Rd1+ 20. Re1 Rxe1+ 21. Nxe1 g5 $11 {Topakian-Koenig, Biel op
1992})) 9. Nxd4 $1 (9. Bf4 Ng5 {/\ Ne6 and the N comes back in time.} 10. c3 (
10. Nxd4 Nxd4 11. Qxd4 Ne6 $11) 10... Nxf3+ 11. Qxf3 O-O 12. Qe4 {/\ Qxg6} Kh7
13. cxd4 d6 $11 {Tischbierek-Vogt, DDR-ch 33th Eilenburg 1984}) 9... O-O 10.
Nxc6 dxc6 (10... bxc6 11. Qd3 {/\ Qxg6} Qh4 (11... Kh8 12. Nc3 $32) 12. Nd2 $16
) 11. Qxd8 Rxd8 12. Nc3 Bf5 13. Bb3 $14 {because of the virtual P advantage.})
7... Bg7 (7... Bc5 8. Nxc6 dxc6 (8... bxc6 9. e5 $16) 9. Qxd8+ Kxd8 10. Nc3
$142 (10. Be3 $6 {ruins his own P structure for the f <->, but it is not worth
of that.} Bxe3 11. fxe3 Ke7 12. Bxf7 Kxf7 13. e5 Re8 14. Rxf6+ Kg7 15. Rf3 Rxe5
16. Nc3 b5 17. Raf1 Be6 $11 {Lazic-Djuric, Novi Sad 1986}) (10. Bxf7 $6 {
gives Black time to organize an active counterplay.} Nxe4 11. Be3 (11. Bxg6
Nxf2 $1) 11... Bxe3 12. fxe3 Bf5 13. Bc4 (13. g4 Bxg4 14. Bxg6 Bh3 $1 $15)
13... Kd7 14. Nd2 Nd6 15. Bb3 Rae8 $132) 10... Ke7 (10... Be6 11. Bxe6 fxe6 12.
Bf4 $14) 11. Bf4 $14 {This is a much better version of the Scotch 5.Nxc6 Qxf6
variation.}) 8. Nxc6 bxc6 (8... dxc6 $2 {loses already after} 9. Qxd8+ Kxd8 10.
Bxf7 Nxe4 11. Bxg6 $18) 9. e5 (9. Nc3 {is the other alternative for claiming
an advantage.} O-O 10. e5 $1 (10. Bf4 {allows} d6 11. Qd2 g5 12. Bg3 Nh5 13.
Rad1 {1/2:1/2 Spasov-Nikolaidis, GRE-chT Poros 1998}) 10... Ne8 11. f4 d5 12.
Bd3 c5 $5 (12... Rb8 13. b3 Qe7 14. Be3 $14) 13. b3 $14) 9... Ng8 (9... Nh7 10.
f4 $14) 10. Re1 Ne7 11. Nc3 $14 {and White is better developed, and the [+]
belongs to him as well.}) 7. Nxe5 (7. d5 $1 {gains a huge space advantage.} Nb8
8. Re1 d6 (8... Bg7 {forgets about >< d6.} 9. d6 $1 {hindering Black's
development.} Qxd6 10. Qxd6 cxd6 11. Nc3 $14) 9. Bb5+ Nbd7 10. c4 $14 {with a
good version of the King's Indian for White.}) 7... Nxe5 8. dxe5 Qxe5 {Black
has serious problems with his development.} 9. Be3 (9. Nc3 $32 Bg7 10. Qe2 $1 (
10. Re1 O-O) 10... d6 11. f4 Qa5 12. e5 $36) 9... Bc5 (9... Bg7 10. Bd4 $40)
10. Qf3 (10. Bxc5 Qxc5 11. Qf3 Qe5 12. Nc3 d6 13. Nb5) 10... Bxe3 11. Qxe3 $1 (
11. fxe3 $5 Ke7 (11... Nxe4 $2 {loses material, and the K remains in the [+].}
12. Bxf7+ Ke7 13. Bxg6 Ng5 14. Qf4 d6 15. Nc3 $16) 12. Nc3 c6 13. Qf4 d6 {
and Black is not yet dead.}) 11... b5 (11... Qxb2 12. Nc3 $32) (11... g5 12.
Nc3 d6 13. f4 gxf4 14. Qxf4 $1 $16 {<-> f}) 12. Bd3 (12. Bb3 $5 {looks also
promising.} c5 {Black wants to catch the B.} 13. f4 Qe7 (13... Qxb2 14. Nc3 c4
15. Rab1 Qa3 16. Nxb5 $18) 14. e5 Bb7 (14... c4 15. Qf3 Qc5+ 16. Kh1 Nd5 17.
Nc3 Bb7 18. Ne4 Qc6 19. Nd6+ Ke7 20. Nxb7 Qxb7 21. Rad1 $18) 15. Nc3 c4 16.
Nxb5 Ng4 17. Qe2 (17. Qd4 $2 Qh4 $1 18. h3 Qg3 $19) 17... Qc5+ 18. Kh1 Qxb5 19.
Bxc4 Qc6 20. Bxf7+ Kxf7 21. Qxg4 $44) 12... c5 13. Bxb5 $1 Rb8 (13... a6 14.
Bd3 $18) 14. Na3 (14. Nc3 a6 15. Bd3 Rxb2 16. Na4 $16) 14... O-O 15. f3 $18 {
and White is a healthy P up with a much better position.} d6 (15... Re8 16. b3
$18) (15... Qxb2 16. Qxc5 $18) 16. b3 Be6 17. Rfe1 Kg7 18. c3 d5 19. Qxc5 Rfc8
20. Qd4 Qd6 21. e5 Qxa3 22. exf6+ Kh7 23. Bd3 Qc5 (23... Qb2 24. Rac1 Qxa2 25.
b4 $18) 24. Rac1 Qxd4+ 25. cxd4 Rxc1 26. Rxc1 Rb4 27. Rd1 Bf5 28. Be2 (28. Kf2
Bxd3 (28... Rxd4 29. Ke3 Rh4 30. Bxf5 gxf5 31. h3 $18) 29. Rxd3 g5 30. Ke3 Kg6
31. Rc3 $18) 28... a5 29. g4 Bd7 30. Rd2 a4 31. Bd1 h5 32. g5 a3 33. Kf2 Bf5
34. Ke3 Rb6 35. Bc2 Rc6 36. Bxf5 gxf5 37. Kd3 Rc1 38. Rc2 Rd1+ 39. Ke3 f4+ 40.
Kxf4 Rxd4+ 41. Ke5 Rd1 42. Kf5 d4 43. Rc7 1-0

[Event "RUS-chT 09th Group2"]
[Site "Ekaterinburg"]
[Date "2002.05.19"]
[Round "3"]
[White "Fedorov, Alexei"]
[Black "Potapov, Alexander"]
[Result "0-1"]
[WhiteElo "2598"]
[BlackElo "2498"]
[Annotator "Lukacs,P"]
[PlyCount "76"]
[EventDate "2002.05.17"]
[EventType "team-tourn"]
[EventRounds "7"]
[EventCountry "RUS"]
[SourceTitle "CBM 090"]
[Source "ChessBase"]
[SourceDate "2002.09.20"]
[SourceVersion "1"]
[SourceVersionDate "2002.09.20"]
[SourceQuality "1"]
[WhiteTeam "Maykop Universitet"]
[BlackTeam "Surgut Yugra"]
[WhiteTeamCountry "RUS"]
[BlackTeamCountry "RUS"]

1. e4 e5 2. Bc4 Nc6 3. Nf3 Nf6 4. d3 Be7 5. O-O O-O 6. Re1 d6 7. a4 Bg4 {
This is probably not the best strategy here. The pin is not so sffective, but
the B will be misplaced. There are many other plans, like:} (7... Nd4 {-
Morozevich-Gelfand, Astana 2001CBM 84}) (7... h6 {- Bellini-Acs, Hotel Agro GM
1999 CBM 73}) (7... Be6 {Mainka-Nenashev, Recklinhausser Schachtage 1998 CBM 67
}) (7... Kh8 {- Hossain-Ehlvest, United Insurance 4th 1999 CBM 70}) 8. h3 Bh5
9. c3 (9. g4 Bg6 10. Nc3 h6 11. Nh4 {is a straightforward plan against the
passive B, but} Kh8 12. Nf5 Bxf5 13. gxf5 Nh7 {Black gets the pressure on the
weakened dark squares.} 14. f4 exf4 15. Bxf4 Bg5 16. Bh2 Bf6 17. Kh1 Be5 18.
Qh5 {1/2:1/2 Morozevich-Timman, Sarajevo 1999}) (9. Nbd2 $142 {is the most
flexible try.} Qd7 (9... d5 $6 {is now premeture in view of} 10. exd5 Nxd5 11.
g4 Bg6 12. Nxe5 Nxe5 13. Rxe5 Nf4 14. Qf3 $16 {Laine-Tarakanov, Espoo 1994}) (
9... Nd4 $6 10. g4 Nxf3+ 11. Qxf3 Bg6 12. h4 {The passive B on g6 remains the
target!} h6 13. Qg3 c6 14. Nf3 d5 15. Bb3 dxe4 16. Nxe5 Bd6 17. Bf4 Bxe5 18.
Bxe5 {^^} exd3 19. cxd3 Nd5 20. h5 Bh7 21. Re2 $16 {Sermek-Beliavsky, Bled op
1999}) 10. c3 $14) 9... d5 $5 {One can understand that Black doesn't want to
sit and wait until he will be pushed to the wall.} (9... Qd7 10. a5 {/\ a6} a6
11. Nbd2 Rfe8 12. Nf1 Bf8 13. Ng3 Bg6 14. Nh4 (14. Qb3 {is also rather strong
emphasyzing the pressure on the /^ a2-g8. Here we see the advantage of a4-a5,
there is no Na5!} Kh8 15. Nh4 Rab8 16. Bg5 b5 17. axb6 Rxb6 18. Qa2 $16 {
Beshukov-Bryzgalin, RUS-Cup5 Ekaterinburg 1997}) 14... Kh8 15. Qf3 Rad8 16. Bg5
$14 {Sivokho-Skatchkov, St.Petersburg op 2001}) 10. exd5 Nxd5 11. a5 (11. Nbd2
Nb6 $1 (11... Kh8 {is slower:} 12. Nf1 f6 13. a5 Bc5 14. Ng3 Bg6 15. Ne4 $14 {
Rabiega-Penz, AUT-chT 1997}) 12. Bb5 Nd7 13. a5 a6 14. Bxc6 bxc6 15. g4 ({
grabbing for pawns by} 15. Qa4 $2 {is unhealthy in view of} Nc5 $1 16. Qc4 (16.
Qxc6 f6 $17) 16... Nxd3 17. Re3 Bg6 18. Qxc6 Qd6 $17 {Dineley-Dutreeuw,
Istanbul ol (Men) 2000}) 15... Bg6 16. Nc4 f6 17. Nh4 $14) (11. g4 {wins the P,
but Black gets some counterplay because of his better development and the
weaknesses on the >>.} Bg6 12. Nxe5 Nxe5 13. Rxe5 Nb6 14. Qf3 (14. Nd2 Bf6 $44)
14... Nxc4 {^^} 15. dxc4 Bd6 (15... f5 16. gxf5 Bd6 $44) 16. Re1 Qh4 17. Be3
Rae8 18. Nd2 c6 19. c5 Bc7 20. Bd4 f5 $44 {Kosintseva-Kostiuk, EU-ch U18 Girls
2000}) 11... Qd6 $5 (11... a6 12. g4 $5 {is now a better version than before,
because there is no Nb6!} (12. Nbd2 Nf4 13. Ne4 Kh8 14. Ng3 Bxf3 15. Qxf3 Ng6
16. Qg4 Qc8 17. Qxc8 Raxc8 18. Bd5 Rcd8 19. Be4 Rd7 20. Nf5 $14 {
Kanefschk-German, Mar del Plata op 1993}) 12... Bg6 13. Nxe5 ({or} 13. Qb3 Nf4
14. Bxf4 exf4 15. d4 (15. Qxb7 Qd6 16. Qb3 Bxd3 17. Bxd3 Qxd3 18. Nbd2 $14)
15... Qd6 16. Nbd2 $16) 13... Nxe5 14. Rxe5 $16) 12. Nbd2 (12. a6 b6 13. b4 $14
) 12... f5 {Black is not frightened of losing material.} 13. Qb3 $1 (13. a6)
13... Rad8 (13... Bf7 14. Qxb7 Rfb8 (14... a6 15. Qb3) 15. Qa6 Be6 16. Ne4 $1
fxe4 17. dxe4 $18) 14. Qxb7 {White has won a P, but he has to defend himself.
This proved to be a wise strategy against one of the best attacking player on
the world!} Kh8 15. Bb5 (15. Bxd5 Qxd5 16. Qxc7 {looks ugly, but how can Black
punish it?} Rfe8 (16... Bd6 17. Qb7 $16) 17. Qb7 $16) 15... Be8 16. Nc4 (16.
Qa6) 16... Qc5 {[#]} 17. b4 $2 {This is one move too early changing the course
of the game.} (17. Ba6 $1 Rb8 18. b4 $18 {was as good as winning.}) 17... Ncxb4
$1 18. cxb4 Qxb5 19. Qxa7 Bxb4 20. Rb1 e4 $1 $13 {Now the black pieces are
very active.} 21. Bg5 Qb8 22. Qxb8 Rxb8 23. dxe4 fxe4 24. Nfd2 Bg6 $6 {
Passively defending a weak P is not a good job for a proud B.} (24... h6 25.
Be3 Bb5 $13) 25. Rb3 $1 h6 (25... Ra8) 26. Be3 Nxe3 27. fxe3 $2 {Now the
situation changes again dramatically.} (27. Rexe3 Bf7 28. Rxe4 c5 $14 {and
although White is a P up, the ^^ is very active.}) 27... c5 $1 28. Ra1 Bf7 $1
$17 {If the knights are defending each other while the ^^ attacks them, the
position is usually very bad.} 29. a6 (29. Rbb1 Rbd8) 29... Ra8 30. Rbb1 Ra7 $1
31. Rc1 (31. Ra4 Rd8 32. Rb2 Be8 33. Raa2 Bb5 {and the o^ will soon fall.})
31... Bd5 32. Rc2 $2 {This loses the vital o^ without a fight.} (32. Ra4 {
was more persistant.} Rf6 33. Rca1 Bc6 $17) 32... Rf6 $19 33. Nb3 Raxa6 34. Rd1
Bf7 35. Rd8+ Kh7 36. Nbd2 Ra1+ 37. Kh2 Rd1 38. Rf8 Bxc4 0-1